[Event "4NCL Division 3 North"]
[Site "Wakefield, ENG"]
[Date "2017.04.29"]
[Round "9.51"]
[White "Allis, Richard"]
[Black "Bennett, Patrick"]
[Result "0-1"]
[WhiteElo "2045"]
[BlackElo "2008"]
[PlyCount "106"]
[EventDate "2017.04.29"]
[WhiteTeam "Bradford DCA Knights B"]
[BlackTeam "Holmes Chapel"]

1. d4 Nf6 2. Nf3 g6 3. Bg5 Bg7 4. Nbd2 c5 5. c3 cxd4 6. Nxd4 O-O 7. e4 d5 8. e5
Ne8 9. Bf4 Nc6 10. Nxc6 bxc6 11. Nb3 a5 12. a4 f6 13. exf6 Nxf6 14. Be3 Ng4 15.
Bc5 Rb8 16. f3 Nf6 17. Bd3 Nd7 18. Ba7 Rb7 19. Bf2 Ne5 20. Bc2 Nc4 21. Rb1 Nxb2
22. Qc1 Rxb3 23. O-O Rxc3 24. Qxb2 Rcxf3 25. Bd4 Rxf1+ 26. Rxf1 Rxf1+ 27. Kxf1
Ba6+ 28. Ke1 e5 29. Bc5 e4 30. Qb3 Bc4 31. Qb1 Bc3+ 32. Kd1 Qf6 33. Qb8+ Kg7
34. Qa7+ Kh6 35. Bf8+ Qxf8 36. Qe3+ Kg7 37. Qxc3+ Qf6 38. Qg3 g5 39. Qc7+ Kg6
40. Qxa5 Qf1+ 41. Kd2 Qxg2+ 42. Kc1 Qg1+ 43. Kb2 Qxh2 44. Qd8 Qe5+ 45. Kb1 d4
46. Qd7 Bd5 47. a5 d3 48. Ba4 d2 49. a6 e3 50. Bc2+ Kf6 51. a7 e2 52. Qd8+ Kg7
53. Qd7+ Bf7 0-1

[Event "4NCL Division 3 North"]
[Site "Wakefield, ENG"]
[Date "2017.04.29"]
[Round "9.52"]
[White "Turner, John M"]
[Black "Barker, Arron"]
[Result "1/2-1/2"]
[WhiteElo "2019"]
[BlackElo "1908"]
[Annotator "Barnes,Lara"]
[PlyCount "37"]
[EventDate "2017.04.29"]
[WhiteTeam "Holmes Chapel"]
[BlackTeam "Bradford DCA Knights B"]

1. e4 b6 2. d4 Bb7 3. Bd3 e6 4. Nf3 Nf6 5. Qe2 d5 6. e5 Ne4 7. Nbd2 Nxd2 8.
Bxd2 Be7 9. O-O O-O 10. c3 c5 11. Rac1 Nc6 12. a3 Na5 13. b4 Nb3 14. Rb1 Nxd2
15. Qxd2 Rb8 16. a4 a5 17. b5 f6 18. Qc2 f5 19. Ne1 1/2-1/2

[Event "4NCL Division 3 North"]
[Site "Wakefield, ENG"]
[Date "2017.04.29"]
[Round "9.53"]
[White "Baxter, Harold"]
[Black "Doran, Chris"]
[Result "0-1"]
[WhiteElo "1844"]
[BlackElo "1977"]
[PlyCount "168"]
[EventDate "2017.04.29"]
[WhiteTeam "Bradford DCA Knights B"]
[BlackTeam "Holmes Chapel"]

1. Nf3 Nf6 2. g3 g6 3. Bg2 Bg7 4. c4 d6 5. d4 O-O 6. Nc3 Nc6 7. O-O a6 8. d5
Na5 9. Qd3 c5 10. dxc6 Nxc6 11. Rd1 h6 12. Nd5 Nxd5 13. cxd5 Nb4 14. Qb3 a5 15.
a3 Na6 16. Be3 Nc5 17. Bxc5 dxc5 18. Rac1 a4 19. Qc2 Qb6 20. Rd2 Bf5 21. e4 Bg4
22. Ne1 Rfc8 23. h3 Bd7 24. Nf3 h5 25. Re1 Bh6 26. Rdd1 Qb3 27. Qxb3 axb3 28.
Rd3 c4 29. Rc3 b5 30. Bf1 h4 31. Kg2 hxg3 32. Kxg3 Ra4 33. Rd1 Bg7 34. e5 f6
35. e6 Bxe6 36. dxe6 f5 37. Rd4 f4+ 38. Kg4 Bf6 39. Kxf4 Rc6 40. Rd8+ Kg7 41.
Nd4 Rc5 42. Bg2 Bg5+ 43. Kg3 b4 44. axb4 Rxb4 45. f4 Bf6 46. Kf3 Ra5 47. Bf1
Ra2 48. Rxc4 Rxc4 49. Bxc4 Rxb2 50. Nxb3 Rh2 51. Kg3 Rc2 52. Bd5 Rc3+ 53. Kg4
Kh6 54. Rh8+ Bxh8 55. h4 Bf6 56. f5 gxf5+ 57. Kxf5 Rh3 58. Ke4 Rxh4+ 59. Kd3
Kg5 60. Bc4 Kf5 61. Nd2 Rh3+ 62. Ke2 Kf4 63. Nf1 Bc3 64. Ba2 Bb4 65. Bc4 Rc3
66. Bb5 Rc5 67. Bd7 Rc2+ 68. Kd1 Rf2 69. Bb5 Ke5 70. Bc4 Kd4 71. Ba6 Rf6 72.
Bb5 Rxe6 73. Be2 Rg6 74. Kc2 Rg2 75. Kd1 e5 76. Bb5 Bc3 77. Be2 e4 78. Bb5 e3
79. Be2 Bb4 80. Bb5 Ra2 81. Be2 Ra1+ 82. Kc2 Re1 83. Bb5 e2 84. Ng3 Rc1+ 0-1

[Event "4NCL Division 3 North"]
[Site "Wakefield, ENG"]
[Date "2017.04.29"]
[Round "9.54"]
[White "Scattergood, Ben"]
[Black "Slinger, Tony J"]
[Result "0-1"]
[WhiteElo "1794"]
[BlackElo "1905"]
[PlyCount "106"]
[EventDate "2017.04.29"]
[WhiteTeam "Holmes Chapel"]
[BlackTeam "Bradford DCA Knights B"]

1. e4 c5 2. Nf3 d6 3. d3 Nc6 4. g3 g6 5. Bg2 Bg7 6. c3 e5 7. O-O Nge7 8. Be3
O-O 9. a3 a5 10. Nbd2 h6 11. Ne1 b6 12. Nc2 d5 13. exd5 Nxd5 14. Nc4 Be6 15.
Qd2 Kh7 16. b4 axb4 17. cxb4 cxb4 18. Nxb6 Nxe3 19. Qxe3 Rb8 20. Bxc6 b3 21.
Nb4 Qxb6 22. Rab1 Qa5 23. Bf3 Qxa3 24. Nc6 Rb5 25. d4 exd4 26. Nxd4 Bxd4 27.
Qxd4 b2 28. Rfe1 Qxf3 29. Rxe6 Rd5 30. Rf6 Rxd4 31. Rxf3 Rb4 32. Rc3 Ra8 33.
Rd3 Ra1 34. Rdd1 Rxb1 35. Rxb1 Kg7 36. f4 Kf6 37. Kf2 Ke6 38. Ke3 Kd5 39. Kd3
Rb3+ 40. Kc2 Kc4 41. Re1 b1=Q+ 42. Rxb1 Rxb1 43. Kxb1 Kd3 44. Kb2 h5 45. Kb3
Ke3 46. Kc4 Kf3 47. Kd5 Kg2 48. Ke4 Kxh2 49. Kf3 Kh3 50. f5 g5 51. f6 Kh2 52.
g4 h4 53. Kf2 h3 0-1

[Event "4NCL Division 3 North"]
[Site "Wakefield, ENG"]
[Date "2017.04.29"]
[Round "9.55"]
[White "Johnson, Paul A"]
[Black "Roberts, Malcolm A"]
[Result "1/2-1/2"]
[WhiteElo "1887"]
[BlackElo "1694"]
[PlyCount "140"]
[EventDate "2017.04.29"]
[WhiteTeam "Bradford DCA Knights B"]
[BlackTeam "Holmes Chapel"]

1. d4 d5 2. Nf3 Nf6 3. c4 c6 4. Nc3 e6 5. Bg5 Be7 6. e3 Nbd7 7. cxd5 exd5 8.
Bd3 O-O 9. O-O h6 10. Bh4 Ne4 11. Bxe7 Qxe7 12. Qc2 Ndf6 13. Ne5 Nxc3 14. bxc3
c5 15. c4 cxd4 16. exd4 Be6 17. Rac1 dxc4 18. Bxc4 Bxc4 19. Qxc4 Rac8 20. Qxc8
Rxc8 21. Rxc8+ Kh7 22. Rfc1 Nd5 23. h3 f6 24. Nf3 Qd7 25. Rf8 Ne7 26. Re1 Ng6
27. Rfe8 b5 28. Rb1 a6 29. Rb3 a5 30. a3 Nf4 31. Rb8 b4 32. axb4 axb4 33. Rb1
Ne2+ 34. Kh1 Nxd4 35. Nxd4 Qxd4 36. Kg1 Qc3 37. R8xb4 Qc2 38. Rb7 Qe4 39. R1b2
Qe1+ 40. Kh2 Qe5+ 41. g3 Qd4 42. Re2 Qc5 43. f4 Qd4 44. h4 Qc5 45. Rd7 h5 46.
Red2 Qe3 47. R7d5 Kh6 48. f5 Kh7 49. Kg2 Qe4+ 50. Kf2 Qh1 51. R2d3 Qh2+ 52. Ke1
Qg1+ 53. Kd2 Qf2+ 54. Kc3 Qe1+ 55. Kc4 Qc1+ 56. Kb5 Qb2+ 57. Kc6 Qc2+ 58. Kd6
Qc8 59. Ke7 Qc7+ 60. Kf8 Qc8+ 61. Kf7 Qc7+ 62. Rd7 Qc4+ 63. Kf8 Qc5+ 64. R3d6
Qc8+ 65. Ke7 Qc5 66. Kf8 Qc8+ 67. Kf7 Qc4+ 68. Kf8 Qc8+ 69. Ke7 Qc5 70. Kf8
Qc8+ 1/2-1/2

[Event "4NCL Division 3 North"]
[Site "Wakefield, ENG"]
[Date "2017.04.29"]
[Round "9.56"]
[White "Gissi, Alberto"]
[Black "Bramson, Mike"]
[Result "0-1"]
[WhiteElo "1570"]
[BlackElo "1883"]
[Annotator "Barnes,Lara"]
[PlyCount "78"]
[EventDate "2017.04.29"]
[WhiteTeam "Holmes Chapel"]
[BlackTeam "Bradford DCA Knights B"]

1. e4 e5 2. Nf3 Nc6 3. Bb5 a6 4. Ba4 d6 5. c3 Bd7 6. d4 Nge7 7. Be3 Ng6 8. Qd2
Be7 9. Bb3 Na5 10. Qc2 Nxb3 11. Qxb3 O-O 12. O-O b5 13. a3 Be6 14. Qc2 f5 15.
Rd1 f4 16. Bc1 Bg4 17. Qd3 Nh4 18. Nbd2 Qe8 19. Re1 Rd8 20. Nxh4 Bxh4 21. Nf3
Qh5 22. Nxh4 Qxh4 23. h3 Bh5 24. Rf1 f3 25. Bd2 fxg2 26. Kxg2 Rf3 27. Qxf3
Bxf3+ 28. Kxf3 Qxh3+ 29. Ke2 Qg2 30. Kd3 Qf3+ 31. Be3 exd4 32. cxd4 Re8 33.
Rad1 Qxe4+ 34. Kc3 c5 35. dxc5 Qc4+ 36. Kd2 dxc5 37. Rc1 Rd8+ 38. Ke1 Qd3 39.
Bxc5 Qd2# 0-1

[Event "4NCL Division 3 North"]
[Site "Wakefield, ENG"]
[Date "2017.04.29"]
[Round "9.61"]
[White "Somton, Anita"]
[Black "McLean, Robert"]
[Result "0-1"]
[WhiteElo "1952"]
[BlackElo "1967"]
[PlyCount "62"]
[EventDate "2017.04.29"]
[WhiteTeam "Ashfield Breadsall 2"]
[BlackTeam "3Cs 3"]

1. d4 e6 2. c4 Nf6 3. g3 d5 4. Bg2 Be7 5. Nf3 O-O 6. O-O dxc4 7. Ne5 Nc6 8.
Nxc6 bxc6 9. Bxc6 Rb8 10. Nc3 Bd7 11. Bg2 Nd5 12. e4 Nb4 13. Be3 c5 14. dxc5
Nd3 15. b3 Bf6 16. Qc2 Qa5 17. Bd2 Qxc5 18. Rab1 Bd4 19. Nd1 cxb3 20. Qxd3 bxa2
21. Rxb8 Rxb8 22. Nc3 Rb3 23. Qc2 Ra3 24. Qb2 Bxc3 25. Bxc3 Qxc3 26. Qb8+ Bc8
27. e5 a1=Q 28. Bb7 Qab2 29. Rd1 Ra1 30. Qd6 Rxd1+ 31. Qxd1 Qcc1 0-1

[Event "4NCL Division 3 North"]
[Site "Wakefield, ENG"]
[Date "2017.04.29"]
[Round "9.62"]
[White "Gittens, Nathan L"]
[Black "Taylor, Robert P"]
[Result "1-0"]
[WhiteElo "1826"]
[BlackElo "1887"]
[Annotator "Barnes,Lara"]
[PlyCount "55"]
[EventDate "2017.04.29"]
[WhiteTeam "3Cs 3"]
[BlackTeam "Ashfield Breadsall 2"]

1. d4 c5 2. d5 f5 3. e4 fxe4 4. Nc3 Nf6 5. g4 h6 6. Bg2 d6 7. h3 Nbd7 8. Nxe4
Qa5+ 9. Bd2 Qa6 10. Bc3 b5 11. Nxf6+ Nxf6 12. Qd3 Bd7 13. Qg6+ Kd8 14. b4 Qa3
15. Ne2 cxb4 16. Bxf6 gxf6 17. O-O Be8 18. Qe4 h5 19. Nd4 hxg4 20. hxg4 Qc3 21.
Rad1 Rg8 22. Ne6+ Kd7 23. Qh7 Rxg4 24. Nxf8+ Kd8 25. Rfe1 Qf3 26. Qxe7+ Kc8 27.
Qxe8+ Kb7 28. Qc6+ 1-0

[Event "4NCL Division 3 North"]
[Site "Wakefield, ENG"]
[Date "2017.04.29"]
[Round "9.63"]
[White "Hill, Maurice J"]
[Black "Smith, Len"]
[Result "1-0"]
[WhiteElo "1825"]
[BlackElo "1690"]
[Annotator "Barnes,Lara"]
[PlyCount "54"]
[EventDate "2017.04.29"]
[WhiteTeam "Ashfield Breadsall 2"]
[BlackTeam "3Cs 3"]

1. g3 g6 2. Bg2 Bg7 3. Nf3 c6 4. c4 Nf6 5. Nc3 Na6 6. O-O O-O 7. d4 d5 8. Bf4
dxc4 9. e4 b5 10. Ne5 Bd7 11. Qe2 Rc8 12. a4 b4 13. Nd1 Be6 14. Nxc4 Qxd4 15.
Nde3 Bxc4 16. Nxc4 Nc7 17. Rfd1 Qc5 18. Be3 Qh5 19. Bf3 Qh3 20. e5 Ncd5 21.
exf6 Nxf6 22. Bxa7 Rc7 23. Bc5 Nd5 24. Bd4 Nf6 25. Rac1 Bh6 26. Ne3 Rd8 27.
Bxf6 exf6 1-0

[Event "4NCL Division 3 North"]
[Site "Wakefield, ENG"]
[Date "2017.04.29"]
[Round "9.71"]
[White "Collins, Richard A"]
[Black "Patrick, David A"]
[Result "1/2-1/2"]
[WhiteElo "1967"]
[BlackElo "1878"]
[PlyCount "48"]
[EventDate "2017.04.29"]
[WhiteTeam "Manchester Manticores 3"]
[BlackTeam "Bradford DCA Knights C"]

1. e4 e6 2. d4 d5 3. e5 c5 4. c3 Nc6 5. Nf3 Bd7 6. Be2 f6 7. O-O fxe5 8. dxe5
Qc7 9. Re1 Nge7 10. Bd3 h6 11. Na3 a6 12. h4 O-O-O 13. Be3 Nb8 14. b4 c4 15.
Bc2 Be8 16. Bf4 Bh5 17. Qc1 Bxf3 18. gxf3 Nf5 19. Bxf5 exf5 20. Nc2 g5 21. Bd2
gxh4 22. Bf4 Qg7+ 23. Kh1 Qf7 24. Qe3 Qh5 1/2-1/2

[Event "4NCL Division 3 North"]
[Site "Wakefield, ENG"]
[Date "2017.04.29"]
[Round "9.72"]
[White "Dean, Robert A"]
[Black "Tyton, Adam"]
[Result "1/2-1/2"]
[WhiteElo "1839"]
[BlackElo "1945"]
[PlyCount "171"]
[EventDate "2017.04.29"]
[WhiteTeam "Bradford DCA Knights C"]
[BlackTeam "Manchester Manticores 3"]

1. e4 c6 2. c4 d5 3. exd5 cxd5 4. cxd5 Qxd5 5. Nc3 Qa5 6. d4 Nf6 7. Bd3 e6 8.
Nf3 Be7 9. O-O O-O 10. Re1 Nc6 11. Bd2 Rd8 12. Nb5 Bb4 13. Bxb4 Qxb4 14. a3 Qe7
15. Rc1 a6 16. Nc3 Qd6 17. Ne4 Nxe4 18. Rxe4 f5 19. Rh4 Qe7 20. Qb3 Qf6 21. Qb6
Bd7 22. Qxb7 Ra7 23. Qb3 Rb8 24. Qa2 Ne7 25. Rh5 Nd5 26. g3 Be8 27. Rxf5 exf5
28. Qxd5+ Bf7 29. Qc5 Re7 30. b4 Rd8 31. Qa5 Re6 32. Bc4 Red6 33. Bxf7+ Qxf7
34. Rc7 Qd5 35. Qxd5+ Rxd5 36. Ra7 R5d6 37. Kg2 h6 38. Ne5 Rc8 39. a4 Rxd4 40.
Ng6 Rc2 41. Ne7+ Kf8 42. Nxf5 Rxb4 43. Rxa6 Ra2 44. Ra7 Rbxa4 45. Rxa4 Rxa4 46.
f4 Ra2+ 47. Kh3 Kf7 48. g4 Kf6 49. Kg3 Ra3+ 50. Kg2 h5 51. h3 g6 52. Ng3 hxg4
53. hxg4 Ke6 54. f5+ gxf5 55. gxf5+ Kf6 56. Kf2 Kg5 57. Ne4+ Kxf5 58. Ng3+ Kg4
59. Ne2 Rd3 60. Ng1 Ra3 61. Ne2 Rf3+ 62. Ke1 Re3 63. Kd2 Kf3 64. Nc3 Re8 65.
Nd1 Rd8+ 66. Kc2 Ke2 67. Nc3+ Ke1 68. Ne4 Rd4 69. Nc3 Rd2+ 70. Kb3 Rd8 71. Kc4
Kd2 72. Nd5 Rc8+ 73. Kd4 Rh8 74. Nf6 Rh4+ 75. Ne4+ Ke2 76. Kd5 Ke3 77. Nf6 Ra4
78. Ke5 Ra5+ 79. Nd5+ Kd3 80. Kd6 Kd4 81. Nc7 Rh5 82. Ne6+ Kc4 83. Ng7 Rd5+ 84.
Ke6 Kd4 85. Nf5+ Rxf5 86. Kxf5 1/2-1/2

[Event "4NCL Division 3 North"]
[Site "Wakefield, ENG"]
[Date "2017.04.29"]
[Round "9.73"]
[White "Hilton, Tim"]
[Black "Procter, Colin S"]
[Result "1-0"]
[WhiteElo "1930"]
[BlackElo "1800"]
[PlyCount "63"]
[EventDate "2017.04.29"]
[WhiteTeam "Manchester Manticores 3"]
[BlackTeam "Bradford DCA Knights C"]

1. c4 c5 2. g3 g6 3. Bg2 Bg7 4. Nc3 Nc6 5. Nf3 d6 6. O-O e5 7. a3 Nge7 8. b4 a6
9. Rb1 O-O 10. d3 Nd4 11. Ne1 Rb8 12. Nc2 Nxc2 13. Qxc2 b6 14. bxc5 dxc5 15. a4
Bb7 16. Bxb7 Rxb7 17. a5 b5 18. Be3 Qxa5 19. Ne4 Nf5 20. Bxc5 Rc8 21. Ra1 Qd8
22. Rxa6 bxc4 23. dxc4 Nd4 24. Bxd4 Qxd4 25. Rd1 Rb2 26. Rxd4 Rxc2 27. Rd7 Rxe2
28. Nd6 Rf8 29. Raa7 e4 30. Nxf7 Rxf2 31. Kxf2 Bd4+ 32. Rxd4 1-0

[Event "4NCL Division 3 North"]
[Site "Wakefield, ENG"]
[Date "2017.04.29"]
[Round "9.74"]
[White "Winter, Kevin"]
[Black "Jaques, Andrew"]
[Result "0-1"]
[WhiteElo "1795"]
[BlackElo "1952"]
[PlyCount "128"]
[EventDate "2017.04.29"]
[WhiteTeam "Bradford DCA Knights C"]
[BlackTeam "Manchester Manticores 3"]

1. d4 Nf6 2. Bf4 g6 3. Nc3 d5 4. h4 Bg7 5. e3 O-O 6. h5 c5 7. Nb5 Na6 8. a4 Bf5
9. c3 Ne8 10. hxg6 fxg6 11. Be2 Nec7 12. Nf3 Ne6 13. Bh6 cxd4 14. exd4 Bxh6 15.
Rxh6 Nf4 16. Rh2 Bg4 17. Ng1 Nxe2 18. Nxe2 Nc7 19. Qd2 a6 20. Nxc7 Qxc7 21. Rh1
Rf7 22. f3 Bd7 23. b3 Re8 24. O-O-O b5 25. axb5 axb5 26. Kb2 Rc8 27. b4 Qd6 28.
Ra1 Qb6 29. Rh4 Rcf8 30. Qg5 Bf5 31. Qd2 Qf6 32. Rhh1 g5 33. Ra5 Bd7 34. Ra7
Be8 35. Rha1 Qg6 36. Rh1 h5 37. Rha1 h4 38. R7a6 Rf6 39. Rxf6 exf6 40. Ng1 Qf5
41. Qc2 Bg6 42. Qxf5 Bxf5 43. Re1 Kf7 44. Re3 Re8 45. Rxe8 Kxe8 46. Kc1 Bd3 47.
Kd2 Bf1 48. Ke1 Bxg2 49. Kf2 h3 50. Kg3 Kf7 51. Ne2 Ke6 52. f4 Bf1 53. f5+ Kxf5
54. Ng1 Ke4 55. Nf3 Bg2 56. Ne1 f5 57. Nc2 f4+ 58. Kh2 g4 59. c4 dxc4 60. d5
Kxd5 61. Na3 Ke4 62. Nxb5 Kf3 63. Nd4+ Kf2 64. Nf5 g3+ 0-1

[Event "4NCL Division 3 North"]
[Site "Wakefield, ENG"]
[Date "2017.04.29"]
[Round "9.75"]
[White "Livesey, R Nigel"]
[Black "Adam, David W"]
[Result "0-1"]
[WhiteElo "1870"]
[BlackElo "1757"]
[Annotator "Barnes,Lara"]
[PlyCount "66"]
[EventDate "2017.04.29"]
[WhiteTeam "Manchester Manticores 3"]
[BlackTeam "Bradford DCA Knights C"]

1. c4 Nf6 2. g3 c5 3. Bg2 g6 4. Nc3 Bg7 5. Nf3 Nc6 6. O-O O-O 7. d4 cxd4 8.
Nxd4 Nxd4 9. Qxd4 d6 10. Bg5 Re8 11. Rac1 Qa5 12. Rfd1 Qxg5 13. Nb5 Ng4 14. Qd3
Qc5 15. b4 Qxf2+ 16. Kh1 Qb6 17. c5 Nf2+ 18. Kg1 Nxd3 19. cxb6 Nxc1 20. Nc7
Nxe2+ 21. Kf1 axb6 22. Nxa8 Nc3 23. Rd2 Be6 24. Nxb6 Bxa2 25. Rc2 d5 26. Ke1
Rd8 27. Rd2 e6 28. Bf1 h5 29. Bg2 Bb1 30. Rb2 Be4 31. Bxe4 Nxe4 32. Rc2 Bc3+
33. Ke2 Bxb4 0-1

[Event "4NCL Division 3 North"]
[Site "Wakefield, ENG"]
[Date "2017.04.29"]
[Round "9.76"]
[White "Clarke, Paul Rh"]
[Black "Potter, Steven"]
[Result "1-0"]
[WhiteElo "1745"]
[BlackElo "1922"]
[PlyCount "87"]
[EventDate "2017.04.29"]
[WhiteTeam "Bradford DCA Knights C"]
[BlackTeam "Manchester Manticores 3"]

1. d4 e6 2. Bf4 b6 3. e3 Bb7 4. Nf3 Be7 5. Bd3 f5 6. h3 Nf6 7. Nbd2 Nc6 8. c4
Nb4 9. Be2 O-O 10. a3 Nc6 11. b4 Nh5 12. Bh2 f4 13. e4 d6 14. O-O Qe8 15. Qb3
Kh8 16. c5 Bf6 17. Bb5 dxc5 18. d5 Bxa1 19. Rxa1 exd5 20. exd5 a6 21. Bxc6 Bxc6
22. dxc6 Qxc6 23. Ne5 Qf6 24. Ndf3 cxb4 25. axb4 Rae8 26. Re1 h6 27. Qc4 Kh7
28. Nd7 Rxe1+ 29. Nxe1 Qe7 30. Nxf8+ Qxf8 31. Qe4+ Kh8 32. Nd3 Qf6 33. Bxf4
Qa1+ 34. Bc1 Nf6 35. Qe5 Qa4 36. Bxh6 Qd1+ 37. Ne1 gxh6 38. Qxf6+ Kh7 39. Qe7+
Kg8 40. Kh2 Qc1 41. Nd3 Qd2 42. Qe3 Qc3 43. Qe6+ Kh7 44. Ne5 1-0

[Event "4NCL Division 3 North"]
[Site "Wakefield, ENG"]
[Date "2017.04.29"]
[Round "9.201"]
[White "Jessel, Stephen"]
[Black "Clarke, Stuart W"]
[Result "1/2-1/2"]
[WhiteElo "2385"]
[BlackElo "2248"]
[PlyCount "62"]
[EventDate "2017.04.29"]
[WhiteTeam "Gonzaga"]
[BlackTeam "3Cs 2"]

1. Nf3 Nf6 2. c4 e6 3. g3 b6 4. Bg2 Bb7 5. O-O c5 6. b3 Be7 7. Bb2 O-O 8. Nc3
a6 9. e3 d6 10. d4 Nbd7 11. d5 exd5 12. Nh4 g6 13. Nxd5 Nxd5 14. Bxd5 Bxd5 15.
Qxd5 Bxh4 16. gxh4 Qxh4 17. Qxd6 Qg4+ 18. Qg3 Qe2 19. Bc3 Ra7 20. Rfd1 Qc2 21.
e4 Re8 22. Rd5 Nf8 23. Re1 Rxe4 24. Re5 Rxe1+ 25. Rxe1 f6 26. Re3 Qd1+ 27. Kg2
Rf7 28. Rd3 Qe2 29. Rd6 Nd7 30. Qf3 Qxf3+ 31. Kxf3 Re7 1/2-1/2

[Event "4NCL Division 3 North"]
[Site "Wakefield, ENG"]
[Date "2017.04.29"]
[Round "9.204"]
[White "Siddall, Phil L"]
[Black "Li, Henry"]
[Result "1/2-1/2"]
[WhiteElo "2155"]
[BlackElo "2232"]
[PlyCount "76"]
[EventDate "2017.04.29"]
[WhiteTeam "3Cs 2"]
[BlackTeam "Gonzaga"]

1. d4 Nf6 2. Nf3 g6 3. g3 Bg7 4. Bg2 O-O 5. O-O d6 6. c4 c6 7. Nc3 Qa5 8. d5
Qa6 9. Qb3 Nbd7 10. Be3 Ng4 11. Bd4 Nge5 12. Nd2 c5 13. Be3 Ng4 14. Bf4 Qa5 15.
Nde4 h6 16. Nd1 Rb8 17. Bd2 Qa6 18. Bc3 Nge5 19. Nd2 b5 20. cxb5 Rxb5 21. Qc2
Rb8 22. f4 Ng4 23. Bxg7 Kxg7 24. e4 Nb6 25. h3 Nf6 26. Ne3 e6 27. dxe6 Bxe6 28.
f5 Bd7 29. e5 dxe5 30. fxg6 fxg6 31. Nf3 e4 32. Ne5 Rbe8 33. Qxc5 Qe2 34. Nxd7
Nbxd7 35. Qxa7 Rf7 36. Rf2 Qh5 37. Qd4 Ne5 38. Raf1 Qg5 1/2-1/2

[Event "4NCL Division 3 North"]
[Site "Wakefield, ENG"]
[Date "2017.04.29"]
[Round "9.207"]
[White "Moran, Stephen"]
[Black "Burton, Graham P"]
[Result "0-1"]
[WhiteElo "2117"]
[BlackElo "2005"]
[PlyCount "72"]
[EventDate "2017.04.29"]
[WhiteTeam "Gonzaga"]
[BlackTeam "3Cs 2"]

1. d4 Nf6 2. c4 c5 3. d5 e6 4. Nc3 exd5 5. cxd5 d6 6. e4 g6 7. Nge2 Bg7 8. Ng3
O-O 9. Be2 a6 10. a4 Nbd7 11. O-O Re8 12. f3 h5 13. Be3 h4 14. Nh1 Qa5 15. Nf2
Nh7 16. Qd2 f5 17. exf5 gxf5 18. Kh1 Ne5 19. f4 Ng6 20. Bh5 Nhf8 21. Nh3 Bd7
22. Bf2 Qb4 23. Rg1 Bd4 24. g3 Bxf2 25. Qxf2 Re7 26. Bxg6 Nxg6 27. gxh4 Kh7 28.
Rxg6 Kxg6 29. Rg1+ Kh7 30. Qg3 Qd4 31. Qg5 Rg7 32. Qh5+ Kg8 33. Rxg7+ Qxg7 34.
Ng5 Re8 35. Ne6 Rxe6 36. dxe6 Bc6+ 0-1

[Event "4NCL Division 3 North"]
[Site "Wakefield, ENG"]
[Date "2017.04.29"]
[Round "9.203"]
[White "Reeve, Andy K"]
[Black "O'Gorman, Alice"]
[Result "0-1"]
[WhiteElo "2155"]
[BlackElo "1906"]
[PlyCount "112"]
[EventDate "2017.04.29"]
[WhiteTeam "3Cs 2"]
[BlackTeam "Enniscorthy"]

1. c4 e5 2. Nc3 Nf6 3. Nf3 Nc6 4. g3 Bb4 5. Nd5 Bc5 6. Bg2 d6 7. O-O h6 8. d3
a6 9. a3 a5 10. Bd2 Nxd5 11. cxd5 Ne7 12. b4 axb4 13. axb4 Rxa1 14. Qxa1 Bb6
15. e4 O-O 16. d4 exd4 17. Nxd4 Bd7 18. Bc3 Qc8 19. Ne2 f6 20. Nf4 Qe8 21. Bf3
Qf7 22. Re1 Kh7 23. Re2 Ng6 24. Nxg6 Qxg6 25. Bg2 Qh5 26. Rc2 Ra8 27. Ra2 Rxa2
28. Qxa2 Qd1+ 29. Bf1 Bb5 30. Qa1 Qf3 31. Qe1 Bxf1 32. Kxf1 Qh1+ 33. Ke2 Qxe4+
34. Kd2 Qxe1+ 35. Kxe1 Kg6 36. Ke2 c6 37. dxc6 bxc6 38. f3 h5 39. h3 Bc7 40. g4
hxg4 41. hxg4 Kf7 42. Kd3 d5 43. Bd2 Ke6 44. Kd4 Bb6+ 45. Kd3 Bf2 46. Bc3 Bg3
47. Bd2 Ke5 48. Bc3+ Kf4 49. Ke2 Kg5 50. Bd2+ Kh4 51. Bc3 Be5 52. Bd2 g5 53.
Be1+ Kh3 54. Kf1 Ba1 55. Bd2 Kg3 56. Ke2 d4 0-1

[Event "4NCL Division 3 North"]
[Site "Wakefield, ENG"]
[Date "2017.04.29"]
[Round "9.206"]
[White "Pocevicius, Dovydas"]
[Black "Adams, Philip"]
[Result "0-1"]
[WhiteElo "1692"]
[BlackElo "2057"]
[PlyCount "52"]
[EventDate "2017.04.29"]
[WhiteTeam "Enniscorthy"]
[BlackTeam "3Cs 2"]

1. e4 c5 2. d4 cxd4 3. c3 Nf6 4. e5 Nd5 5. cxd4 e6 6. Nf3 d6 7. Bd3 Be7 8. O-O
Nc6 9. Nbd2 dxe5 10. Nxe5 Nxe5 11. dxe5 O-O 12. Qh5 g6 13. Qg4 Ne3 14. fxe3
Qxd3 15. Ne4 b6 16. Nf6+ Bxf6 17. exf6 Ba6 18. Rf2 Rac8 19. Bd2 Kh8 20. e4 Bb7
21. Re1 Rc4 22. Bh6 Rfc8 23. Rd2 Rxe4 24. Rxe4 Rc1+ 25. Qd1 Rxd1+ 26. Rxd1
Qxd1+ 0-1

[Event "4NCL Division 3 North"]
[Site "Wakefield, ENG"]
[Date "2017.04.29"]
[Round "9.209"]
[White "Rita, Joao"]
[Black "Copeland, Dean"]
[Result "0-1"]
[WhiteElo "1917"]
[BlackElo "1571"]
[PlyCount "128"]
[EventDate "2017.04.29"]
[WhiteTeam "3Cs 2"]
[BlackTeam "Enniscorthy"]

1. e4 c5 2. Nf3 d6 3. c3 Nf6 4. h3 Nc6 5. Bd3 e6 6. Bc2 Be7 7. d4 O-O 8. O-O b5
9. Qe2 Qb6 10. e5 dxe5 11. dxe5 Nd7 12. Rd1 Rd8 13. Bf4 Bb7 14. Nbd2 Nf8 15.
Ne4 Ng6 16. Bg5 Bxg5 17. Nexg5 Nce7 18. Ne4 Bxe4 19. Qxe4 Nd5 20. h4 h6 21. h5
Nf8 22. Nd2 Ne7 23. a4 bxa4 24. Nc4 Qc6 25. Rd6 Rxd6 26. exd6 Qxe4 27. Bxe4 Nd5
28. Rxa4 Nd7 29. Ra6 Nb8 30. Ra5 Nd7 31. Ne3 N7f6 32. Bxd5 exd5 33. Rxc5 Rd8
34. Nxd5 Rxd6 35. Nxf6+ Rxf6 36. Kf1 Re6 37. b4 a6 38. f4 Kf8 39. f5 Rd6 40.
Ke2 Ke7 41. Ke3 Kf6 42. Kf4 Rb6 43. Ke4 Ke7 44. Ke5 Kd7 45. g4 g6 46. Rd5+ Ke7
47. f6+ Ke8 48. hxg6 fxg6 49. Rd6 Rxd6 50. Kxd6 h5 51. Ke5 h4 52. Kf4 g5+ 53.
Ke4 Kf7 54. c4 Kxf6 55. b5 axb5 56. cxb5 Ke6 57. b6 Kd6 58. Kf5 h3 59. Kxg5 h2
60. Kf6 h1=Q 61. g5 Qf3+ 62. Kg7 Qb7+ 63. Kf8 Qg2 64. b7 Kc7 0-1

[Event "4NCL Division 3 North"]
[Site "Wakefield, ENG"]
[Date "2017.04.29"]
[Round "9.202"]
[White "O'Gorman, Tom"]
[Black "Delaney, Killian"]
[Result "0-1"]
[WhiteElo "2229"]
[BlackElo "2257"]
[PlyCount "82"]
[EventDate "2017.04.29"]
[WhiteTeam "Enniscorthy"]
[BlackTeam "Gonzaga"]

1. d4 Nf6 2. c4 g6 3. Nf3 Bg7 4. g3 O-O 5. Bg2 c5 6. O-O cxd4 7. Nxd4 Nc6 8.
Nc3 d6 9. Nc2 Be6 10. b3 Qd7 11. Bb2 Bh3 12. Qd3 Bxg2 13. Kxg2 Rfd8 14. Rad1 h5
15. f4 h4 16. e4 h3+ 17. Kh1 Ng4 18. Ba1 f5 19. Ne3 Nb4 20. Qe2 Nxe3 21. Qxe3
Nc2 22. Qd2 Nxa1 23. Rxa1 fxe4 24. Rae1 Bxc3 25. Qxc3 d5 26. Qd4 e6 27. Re3 Qg7
28. Qd1 Qf6 29. Qg4 Qf5 30. Qe2 dxc4 31. g4 Qc5 32. Rxe4 c3 33. Rc4 Qd5+ 34.
Kg1 Rac8 35. Qc2 Rxc4 36. bxc4 Qd4+ 37. Kh1 Qd3 38. Qf2 Qe4+ 39. Kg1 Rd2 40.
Qf3 Qxf3 41. Rxf3 c2 0-1

[Event "4NCL Division 3 North"]
[Site "Wakefield, ENG"]
[Date "2017.04.29"]
[Round "9.205"]
[White "Murray, David"]
[Black "Plaza Reino, Mercedes"]
[Result "1-0"]
[WhiteElo "2148"]
[BlackElo "1771"]
[PlyCount "91"]
[EventDate "2017.04.29"]
[WhiteTeam "Gonzaga"]
[BlackTeam "Enniscorthy"]

1. e4 c5 2. Nc3 e6 3. Nf3 a6 4. d4 cxd4 5. Nxd4 Qc7 6. Be3 Bb4 7. Qd2 Nf6 8. f3
d5 9. e5 Qxe5 10. a3 Be7 11. O-O-O Qc7 12. Bf4 e5 13. Bg3 O-O 14. Bd3 Bd6 15.
Nf5 Bxf5 16. Bxf5 d4 17. Rhe1 Rd8 18. Ne4 Nxe4 19. Rxe4 Nd7 20. Rg4 f6 21. Qh6
Nf8 22. Qxf6 Kh8 23. Qg5 Qf7 24. Bd3 Re8 25. Bc4 Qe7 26. Re1 Rac8 27. Qxe7 Rxe7
28. Bd3 Nd7 29. Kd2 Nf6 30. Rg5 Rce8 31. Rf5 b5 32. h4 Nd5 33. Rh5 Nf6 34. Rg5
g6 35. Bh2 Nh5 36. a4 bxa4 37. Bxa6 a3 38. bxa3 Ra7 39. Bb5 Rb8 40. Rgxe5 Bxa3
41. Re8+ Rxe8 42. Rxe8+ Kg7 43. Bc4 Nf6 44. Be5 Bc5 45. Rg8+ Kh6 46. Bxf6 1-0

[Event "4NCL Division 3 North"]
[Site "Wakefield, ENG"]
[Date "2017.04.29"]
[Round "9.208"]
[White "Kildea, Robbie"]
[Black "Xu, Yan Li"]
[Result "1-0"]
[WhiteElo "1729"]
[BlackElo "1000"]
[Annotator "Barnes,Lara"]
[PlyCount "23"]
[EventDate "2017.04.29"]
[WhiteTeam "Enniscorthy"]
[BlackTeam "Gonzaga"]

1. e4 g6 2. d4 Bg7 3. c4 d6 4. Nc3 Nc6 5. Be3 Nf6 6. Nf3 O-O 7. Be2 Bd7 8. O-O
Nxe4 9. Nxe4 h6 10. Qd2 a6 11. Bxh6 Bxh6 12. Qxh6 1-0